[Event "World-chT Rapid"]
[Site "Dusseldorf"]
[Date "2023.08.28"]
[Round "11"]
[White "Al Modiahki, Mohamad"]
[Black "Miesen, Sander"]
[Result "1/2-1/2"]
[WhiteElo "2542"]
[BlackElo "2102"]
[PlyCount "62"]
[EventDate "2023.08.26"]
[EventType "team-swiss (rapid)"]
[EventRounds "12"]
[EventCountry "GER"]
[SourceTitle "CBM 215 Extra"]
[Source "ChessBase"]
[SourceDate "2023.09.30"]
[SourceVersion "1"]
[SourceVersionDate "2023.09.30"]
[SourceQuality "1"]
[WhiteTeam "FIDE Management Board"]
[BlackTeam "Lausanne Ecole Polytechnique"]
[BlackTeamCountry "SUI"]

1. e4 c5 2. Nc3 Nc6 3. f4 g6 4. Nf3 Bg7 5. Bc4 e6 6. f5 gxf5 7. d3 Nge7 8. 0-0 0-0 9. Bg5 h6 10. Bh4 Qc7 11. Qd2 f4 12. g3 Ng6 13. gxf4 Qxf4 14. Qxf4 Nxf4 15. Bg3 Ng6 16. Bd6 b6 17. Bxf8 Kxf8 18. Rae1 Bb7 19. Nd1 Ke7 20. c3 Nce5 21. Nxe5 Nxe5 22. Ne3 a6 23. Rd1 Rg8 24. Kf2 Bf6 25. Bb3 Nc6 26. Rg1 Rd8 27. Ng4 Bg7 28. Ne3 Bf6 29. Ng4 Bg7 30. Ne3 Bf6 31. Ng4 Bg7 1/2-1/2

[Event "World-chT Rapid"]
[Site "Dusseldorf"]
[Date "2023.08.28"]
[Round "12"]
[White "Garbuz, Vitaliy"]
[Black "Al Modiahki, Mohamad"]
[Result "0-1"]
[WhiteElo "2154"]
[BlackElo "2542"]
[PlyCount "84"]
[EventDate "2023.08.26"]
[EventType "team-swiss (rapid)"]
[EventRounds "12"]
[EventCountry "GER"]
[SourceTitle "CBM 215 Extra"]
[Source "ChessBase"]
[SourceDate "2023.09.30"]
[SourceVersion "1"]
[SourceVersionDate "2023.09.30"]
[SourceQuality "1"]
[WhiteTeam "Wensing & Poebel"]
[BlackTeam "FIDE Management Board"]
[WhiteTeamCountry "GER"]

1. e4 c5 2. d4 cxd4 3. c3 d5 4. exd5 Qxd5 5. cxd4 Nc6 6. Nf3 Bg4 7. Nc3 Bxf3 8. gxf3 Qxd4 9. Qxd4 Nxd4 10. Nb5 Ne6 11. Be3 a6 12. 0-0-0 g6 13. Kb1 Bh6 14. Nc3 Bxe3 15. fxe3 Nf6 16. Bh3 0-0 17. Bxe6 fxe6 18. Rd4 e5 19. Rb4 b5 20. Rd1 Rad8 21. Kc2 Rxd1 22. Kxd1 Rd8+ 23. Ke2 Nd5 24. Nxd5 Rxd5 25. a4 Kf7 26. axb5 Rxb5 27. Rxb5 axb5 28. Kd3 g5 29. e4 Ke6 30. Kc3 Kd6 31. Kb4 Kc6 32. Ka5 Kc5 33. b3 h5 34. h3 h4 35. Ka6 Kb4 36. Kb6 Kxb3 37. Kxb5 Kc3 38. Kc5 Kd3 39. Kd5 Ke3 40. Kxe5 Kxf3 41. Kf5 g4 42. hxg4 h3 0-1

[Event "World-chT Rapid"]
[Site "Dusseldorf"]
[Date "2023.08.26"]
[Round "3.5"]
[White "Al Modiahki, Mohamad"]
[Black "Karthik, Venkataraman"]
[Result "0-1"]
[WhiteElo "2542"]
[BlackElo "2562"]
[PlyCount "124"]
[EventDate "2023.08.26"]
[EventType "team-swiss (rapid)"]
[EventRounds "12"]
[EventCountry "GER"]
[SourceTitle "CBM 215 Extra"]
[Source "ChessBase"]
[SourceDate "2023.09.30"]
[SourceVersion "1"]
[SourceVersionDate "2023.09.30"]
[SourceQuality "1"]
[WhiteTeam "FIDE Management Board"]
[BlackTeam "Six Pack"]
[BlackTeamCountry "IND"]

1. e4 c5 2. Nc3 Nc6 3. f4 g6 4. Nf3 Bg7 5. Bc4 e6 6. f5 Nge7 7. fxe6 dxe6 8. 0-0 0-0 9. d3 Na5 10. Bb3 h6 11. Qe1 Nxb3 12. axb3 e5 13. Qh4 h5 14. Be3 b6 15. Nd2 f6 16. Rf2 Be6 17. Raf1 Nc6 18. Qg3 Kh7 19. Nf3 Nd4 20. Nh4 Qe8 21. Bxd4 cxd4 22. Nb5 g5 23. Nc7 gxh4 24. Qxh4 Qf7 25. Nxa8 Rxa8 26. Rxf6 Qe8 27. Qg5 Rc8 28. Qxe5 Rc6 29. Qg5 Rxc2 30. h3 Rc5 31. e5 Rc2 32. R1f3 Rc5 33. Rg3 Bxf6 34. Qxf6 Qf7 35. Qg5 Bd5 36. Qh4 Rc1+ 37. Kh2 Rf1 38. Qxd4 Qf2 39. Qxf2 Rxf2 40. d4 Rxb2 41. h4 Rxb3 42. Rg5 Kh6 43. Rf5 Rb2 44. Rf6+ Kg7 45. Rd6 Rxg2+ 46. Kh3 Be4 47. Rd7+ Kg6 48. Rd6+ Kf7 49. d5 Rd2 50. Rf6+ Kg7 51. d6 Rd3+ 52. Kh2 Bc6 53. Re6 a5 54. Re7+ Kg6 55. Rc7 Be4 56. Re7 Bf5 57. Rb7 Be6 58. Rxb6 Kf5 59. Ra6 Rd5 60. Kg3 Kxe5 61. Kf3 Bd7 62. Ke3 a4 0-1

[Event "Wch Blitz"]
[Site "Riadh"]
[Date "2017.12.30"]
[Round "12"]
[White "Al Modiahki, Mohamad"]
[Black "Anton Guijarro, David"]
[Result "0-1"]
[WhiteElo "2542"]
[BlackElo "2666"]
[PlyCount "56"]
[EventDate "2017.12.29"]
[EventType "swiss (blitz)"]
[EventRounds "21"]
[EventCountry "SAU"]
[SourceTitle "CBM 182 Extra"]
[Source "ChessBase"]
[SourceDate "2018.02.23"]
[SourceVersion "1"]
[SourceVersionDate "2018.02.23"]
[SourceQuality "1"]

1. e4 e5 2. Nf3 Nc6 3. Bb5 a6 4. Ba4 Nf6 5. 0-0 Nxe4 6. d4 b5 7. Bb3 d5 8. dxe5 Be6 9. Be3 Be7 10. c3 0-0 11. Nbd2 Nxd2 12. Qxd2 Na5 13. Rad1 Nc4 14. Bxc4 dxc4 15. Nd4 Bd7 16. Qc2 Qc8 17. Qe4 c5 18. Nf3 Bf5 19. Qf4 Bd3 20. Rfe1 h6 21. Qg3 Qe6 22. b3 Rad8 23. bxc4 Bxc4 24. a3 a5 25. Nd2 Bd3 26. Nb3 Qxb3 27. Bxh6 Bg6 28. Rxd8 Rxd8 0-1

[Event "Wch Blitz"]
[Site "Riadh"]
[Date "2017.12.30"]
[Round "14"]
[White "Al Modiahki, Mohamad"]
[Black "Khairat, Ahmed"]
[Result "1-0"]
[WhiteElo "2542"]
[BlackElo "2211"]
[PlyCount "53"]
[EventDate "2017.12.29"]
[EventType "swiss (blitz)"]
[EventRounds "21"]
[EventCountry "SAU"]
[SourceTitle "CBM 182 Extra"]
[Source "ChessBase"]
[SourceDate "2018.02.23"]
[SourceVersion "1"]
[SourceVersionDate "2018.02.23"]
[SourceQuality "1"]

1. e4 e5 2. Nf3 Nc6 3. d4 exd4 4. c3 dxc3 5. Bc4 cxb2 6. Bxb2 Bb4+ 7. Nbd2 Nf6 8. 0-0 0-0 9. e5 d5 10. exf6 dxc4 11. fxg7 Re8 12. Nxc4 Be6 13. Qc2 Qd5 14. Ne3 Qh5 15. h4 Rad8 16. Rad1 Ba5 17. Ng5 Qxh4 18. Ne4 f5 19. Nf6+ Kf7 20. Nxe8 Rxe8 21. Nxf5 Qg5 22. Ng3 Bb6 23. Ne4 Qg6 24. Rfe1 h6 25. Qe2 Bf5 26. Nd6+ cxd6 27. Qxe8# 1-0

[Event "Wch Blitz"]
[Site "Riadh"]
[Date "2017.12.29"]
[Round "1"]
[White "Kravtsiv, Martyn"]
[Black "Al Modiahki, Mohamad"]
[Result "1-0"]
[WhiteElo "2672"]
[BlackElo "2542"]
[PlyCount "49"]
[EventDate "2017.12.29"]
[EventType "swiss (blitz)"]
[EventRounds "21"]
[EventCountry "SAU"]
[SourceTitle "CBM 182 Extra"]
[Source "ChessBase"]
[SourceDate "2018.02.23"]
[SourceVersion "1"]
[SourceVersionDate "2018.02.23"]
[SourceQuality "1"]

1. e4 c5 2. Nf3 Nc6 3. d4 cxd4 4. Nxd4 g6 5. c4 Nf6 6. Nc3 Nxd4 7. Qxd4 d6 8. Be2 Bg7 9. Be3 0-0 10. Qd2 a5 11. 0-0 a4 12. Rad1 Qa5 13. Bd4 Be6 14. f4 Rfc8 15. b3 axb3 16. axb3 b5 17. f5 Bd7 18. cxb5 gxf5 19. exf5 Qb4 20. Bc4 d5 21. Bxf6 Bxf6 22. Nxd5 Qxd2 23. Rxd2 Bg5 24. Nxe7+ Bxe7 25. Rxd7 1-0

[Event "Olympiad-42"]
[Site "Baku"]
[Date "2016.09.10"]
[Round "8.1"]
[White "Al Modiahki, Mohamad"]
[Black "Saraci, Nderim"]
[Result "1-0"]
[WhiteElo "2550"]
[BlackElo "2337"]
[PlyCount "113"]
[EventDate "2016.09.02"]
[EventType "team-swiss"]
[EventRounds "11"]
[EventCountry "AZE"]
[SourceTitle "CBM 175"]
[Source "ChessBase"]
[SourceDate "2016.11.10"]
[SourceVersion "1"]
[SourceVersionDate "2016.11.10"]
[SourceQuality "1"]
[WhiteTeam "Qatar"]
[BlackTeam "Kosovo"]
[WhiteTeamCountry "QAT"]
[BlackTeamCountry "KOS"]

1. e4 e5 2. Nf3 Nc6 3. Bb5 a6 4. Ba4 Nf6 5. 0-0 Be7 6. Re1 b5 7. Bb3 0-0 8. h3 d6 9. c3 Na5 10. Bc2 c5 11. d4 Qc7 12. Nbd2 cxd4 13. cxd4 Nc6 14. Nb3 a5 15. Be3 a4 16. Nbd2 Nb4 17. Bb1 Bd7 18. a3 Nc6 19. Bd3 Qb7 20. Qe2 Rab8 21. Rac1 Rfe8 22. dxe5 Nxe5 23. Nxe5 dxe5 24. Bc5 Bxc5 25. Rxc5 Rbc8 26. Rec1 Rxc5 27. Rxc5 b4 28. Nc4 bxa3 29. bxa3 Qb8 30. Qb2 Qxb2 31. Nxb2 Rb8 32. Nc4 Bb5 33. Bc2 Kf8 34. Nxe5 Be8 35. Rc4 Ra8 36. Rc7 Rd8 37. Nc4 Bb5 38. Rc5 Rd4 39. Ne3 Bd7 40. Rc4 Rxc4 41. Nxc4 Bc6 42. f3 Nd7 43. Kf2 Ke7 44. Ke3 Nc5 45. h4 h6 46. g3 Bb5 47. Kd4 Ne6+ 48. Kc3 g5 49. hxg5 hxg5 50. Bd1 Bc6 51. Kb4 f6 52. g4 Nf4 53. Bxa4 Nd3+ 54. Kc3 Bxa4 55. Kxd3 Ke6 56. Ke3 Bb3 57. Nb6 1-0

[Event "Olympiad-42"]
[Site "Baku"]
[Date "2016.09.08"]
[Round "6.1"]
[White "Al Modiahki, Mohamad"]
[Black "Djukic, Nikola"]
[Result "0-1"]
[WhiteElo "2550"]
[BlackElo "2534"]
[PlyCount "96"]
[EventDate "2016.09.02"]
[EventType "team-swiss"]
[EventRounds "11"]
[EventCountry "AZE"]
[SourceTitle "CBM 175"]
[Source "ChessBase"]
[SourceDate "2016.11.10"]
[SourceVersion "1"]
[SourceVersionDate "2016.11.10"]
[SourceQuality "1"]
[WhiteTeam "Qatar"]
[BlackTeam "Montenegro"]
[WhiteTeamCountry "QAT"]
[BlackTeamCountry "MNE"]

1. e4 c5 2. Nf3 Nc6 3. Bb5 g6 4. 0-0 Bg7 5. Re1 e5 6. Bxc6 dxc6 7. d3 Qe7 8. Nbd2 Nf6 9. Nc4 Nd7 10. a3 0-0 11. b4 Rd8 12. Bg5 f6 13. Be3 b6 14. Qd2 Bf8 15. Reb1 Ba6 16. Qc3 Qe6 17. Ncd2 Be7 18. h3 h5 19. Re1 Bb5 20. Qb2 Ba6 21. Qc3 Bb5 22. Qb2 Ba6 23. Nf1 Kh7 24. Ng3 Bd6 25. Red1 Qe7 26. c3 c4 27. d4 exd4 28. Nxd4 Bxg3 29. fxg3 Ne5 30. Qf2 c5 31. Qf4 cxd4 32. Qh6+ Kg8 33. cxd4 Nd3 34. Qxg6+ Qg7 35. Qxh5 Qxg3 36. Bh6 Nf4 37. Bxf4 Qxf4 38. Qg6+ Kh8 39. b5 Bb7 40. d5 Rg8 41. Qh5+ Kg7 42. Qe2 Rae8 43. Rd4 c3 44. Rf1 Qe5 45. Rd3 Kf7 46. Qf3 c2 47. Qf2 Rc8 48. Qd2 Qxe4 0-1

[Event "Olympiad-42"]
[Site "Baku"]
[Date "2016.09.03"]
[Round "2.1"]
[White "Al Modiahki, Mohamad"]
[Black "Volodin, Aleksandr"]
[Result "1/2-1/2"]
[WhiteElo "2550"]
[BlackElo "2473"]
[PlyCount "81"]
[EventDate "2016.09.02"]
[EventType "team-swiss"]
[EventRounds "11"]
[EventCountry "AZE"]
[SourceTitle "CBM 175"]
[Source "ChessBase"]
[SourceDate "2016.11.10"]
[SourceVersion "1"]
[SourceVersionDate "2016.11.10"]
[SourceQuality "1"]
[WhiteTeam "Qatar"]
[BlackTeam "Estonia"]
[WhiteTeamCountry "QAT"]
[BlackTeamCountry "EST"]

1. e4 c5 2. Nf3 Nc6 3. Bb5 g6 4. 0-0 Bg7 5. Bxc6 dxc6 6. d3 b6 7. a4 a5 8. Na3 Qc7 9. e5 Bg4 10. h3 Bxf3 11. Qxf3 Nh6 12. Bf4 0-0 13. e6 Qb7 14. Bxh6 Bxh6 15. exf7+ Rxf7 16. Qe4 Bg7 17. Nc4 Qc7 18. Rae1 Rd8 19. Qe6 Kf8 20. b3 Bd4 21. Kh1 Rf6 22. Qe2 Bc3 23. Nd2 Rd5 24. Rd1 Bxd2 25. Qxd2 Qf4 26. Qxf4 Rxf4 27. g3 Rff5 28. Kg2 Kf7 29. Rde1 Rfe5 30. f4 Rxe1 31. Rxe1 Kf6 32. Kf3 h5 33. Re3 Rd8 34. Ke2 Rd4 35. h4 Rd5 36. Kf3 e6 37. Ke2 Kf5 38. c4 Rd7 39. Re5+ Kf6 40. Ke3 Rd8 41. Ke2 1/2-1/2

[Event "Olympiad-41"]
[Site "Tromsoe"]
[Date "2014.08.12"]
[Round "10.1"]
[White "Sulskis, Sarunas"]
[Black "Al Modiahki, Mohamad"]
[Result "1/2-1/2"]
[WhiteElo "2544"]
[BlackElo "2549"]
[PlyCount "98"]
[EventDate "2014.08.02"]
[EventType "team-swiss"]
[EventRounds "11"]
[EventCountry "NOR"]
[SourceTitle "CBM 162"]
[Source "ChessBase"]
[SourceDate "2014.09.17"]
[SourceVersion "1"]
[SourceVersionDate "2014.09.17"]
[SourceQuality "1"]
[WhiteTeam "Lithuania"]
[BlackTeam "Qatar"]
[WhiteTeamCountry "LTU"]
[BlackTeamCountry "QAT"]

1. c4 Nf6 2. Nc3 g6 3. e4 d6 4. d4 Bg7 5. f3 0-0 6. Be3 c5 7. dxc5 dxc5 8. Qxd8 Rxd8 9. Bxc5 Nc6 10. Nge2 b6 11. Ba3 Bb7 12. Rd1 e6 13. Nc1 Nd7 14. Nb3 a5 15. Na4 Nb4 16. Rxd7 Rxd7 17. Nxb6 Nc2+ 18. Ke2 Nxa3 19. bxa3 a4 20. Nxd7 axb3 21. axb3 Rxa3 22. b4 Ra4 23. e5 Rxb4 24. Kf2 Rb1 25. h4 h5 26. Rg1 Bh6 27. Nc5 Bc6 28. g4 hxg4 29. Rxg4 Bxf3 30. Kxf3 Rxf1+ 31. Ke2 Rh1 32. Nd3 Rh3 33. Rd4 Re3+ 34. Kf2 Rh3 35. c5 Be3+ 36. Kg2 Bxd4 37. Kxh3 Kf8 38. Kg4 Ke7 39. Kf4 Kd7 40. Kg5 Ke7 41. Kh6 f6 42. Nf4 Bxc5 43. Nxg6+ Kf7 44. Kh7 Bd4 45. exf6 Bxf6 46. h5 e5 47. Nxe5+ Bxe5 48. Kh6 Bf4+ 49. Kh7 Be5 1/2-1/2

[Event "Olympiad-41"]
[Site "Tromsoe"]
[Date "2014.08.05"]
[Round "4.1"]
[White "Al Modiahki, Mohamad"]
[Black "Chumfwa, Stanley"]
[Result "1/2-1/2"]
[WhiteElo "2549"]
[BlackElo "2317"]
[PlyCount "60"]
[EventDate "2014.08.02"]
[EventType "team-swiss"]
[EventRounds "11"]
[EventCountry "NOR"]
[SourceTitle "CBM 162"]
[Source "ChessBase"]
[SourceDate "2014.09.17"]
[SourceVersion "1"]
[SourceVersionDate "2014.09.17"]
[SourceQuality "1"]
[WhiteTeam "Qatar"]
[BlackTeam "Zambia"]
[WhiteTeamCountry "QAT"]
[BlackTeamCountry "ZAM"]

1. e4 c5 2. Nc3 d6 3. f4 Nc6 4. Nf3 g6 5. Bc4 Bg7 6. 0-0 e6 7. d3 Nge7 8. Qe1 0-0 9. Bb3 Na5 10. e5 Nxb3 11. axb3 Nc6 12. Ne4 dxe5 13. fxe5 Nxe5 14. Nxe5 Bxe5 15. Bh6 f5 16. Bxf8 Qxf8 17. Ng5 Bxb2 18. Nxe6 Qd6 19. Rb1 Bxe6 20. Rxb2 Qd4+ 21. Kh1 Qxb2 22. Qxe6+ Kh8 23. Qd5 Qxc2 24. Qe5+ Kg8 25. Qe6+ Kg7 26. Qe7+ Kg8 27. Qe6+ Kg7 28. Qe7+ Kg8 29. Qe6+ Kg7 30. Qe7+ Kg8 1/2-1/2

[Event "Wch Blitz 8th"]
[Site "Dubai"]
[Date "2014.06.20"]
[Round "17"]
[White "Bacrot, Etienne"]
[Black "Al Modiahki, Mohamad"]
[Result "1-0"]
[WhiteElo "2720"]
[BlackElo "2549"]
[PlyCount "95"]
[EventDate "2014.06.19"]
[EventType "swiss (blitz)"]
[EventRounds "21"]
[EventCountry "UAE"]
[SourceTitle "CBM 160 Extra"]
[Source "ChessBase"]
[SourceDate "2014.07.01"]
[SourceVersion "1"]
[SourceVersionDate "2014.07.01"]
[SourceQuality "1"]

1. Nf3 Nf6 2. b3 g6 3. Bb2 Bg7 4. c4 0-0 5. g3 d6 6. Nc3 e5 7. d3 Nc6 8. Bg2 h6 9. 0-0 Be6 10. d4 exd4 11. Nxd4 Bd7 12. Nd5 Nxd5 13. cxd5 Nxd4 14. Bxd4 Re8 15. e3 a5 16. Rc1 Be5 17. Qd2 b6 18. Bxe5 Rxe5 19. Rc3 Rc8 20. Rfc1 Bf5 21. Qd4 h5 22. h4 Re7 23. Qf6 Qf8 24. Bf3 Bg4 25. Bxg4 hxg4 26. Qg5 Re5 27. Qxg4 Qd8 28. Qd4 Qe7 29. Rc4 Qd7 30. e4 Qg4 31. Kg2 Re7 32. Qd3 Rce8 33. Qf3 Qxf3+ 34. Kxf3 Rc8 35. g4 Kf8 36. g5 Ke8 37. Kg4 Kd7 38. f3 Ree8 39. Rh1 Rh8 40. h5 gxh5+ 41. Rxh5 Rxh5 42. Kxh5 Rh8+ 43. Kg4 Rh2 44. a4 Rg2+ 45. Kf5 Rg1 46. Kf6 Rg3 47. f4 Rxb3 48. Kxf7 1-0

[Event "Wch Blitz 8th"]
[Site "Dubai"]
[Date "2014.06.19"]
[Round "3"]
[White "Omar, Noaman"]
[Black "Al Modiahki, Mohamad"]
[Result "0-1"]
[WhiteElo "2366"]
[BlackElo "2549"]
[PlyCount "74"]
[EventDate "2014.06.19"]
[EventType "swiss (blitz)"]
[EventRounds "21"]
[EventCountry "UAE"]
[SourceTitle "CBM 160 Extra"]
[Source "ChessBase"]
[SourceDate "2014.07.01"]
[SourceVersion "1"]
[SourceVersionDate "2014.07.01"]
[SourceQuality "1"]

1. d4 Nf6 2. c4 e5 3. dxe5 Ng4 4. e3 Nxe5 5. Nc3 Nbc6 6. f4 Ng6 7. Bd3 Bc5 8. Qh5 d6 9. Nf3 Nb4 10. Bb1 Qe7 11. Ne4 Bb6 12. a3 Nc6 13. c5 dxc5 14. 0-0 Bd7 15. Kh1 0-0-0 16. b4 cxb4 17. axb4 f5 18. Nc5 Bxc5 19. bxc5 Kb8 20. Bb2 Qxe3 21. Bxf5 Qe2 22. Bxg7 Rhg8 23. Bxg6 Rxg7 24. Rae1 hxg6 25. Qh6 Qb2 26. Ne5 Rgg8 27. Nxd7+ Rxd7 28. Qh3 Qd2 29. Qg3 Rdd8 30. h3 Qd5 31. Kh2 Qxc5 32. Re2 Qd6 33. Rfe1 g5 34. Re6 Qxf4 35. Qxf4 gxf4 36. Rb1 Kc8 37. Rb3 Rd2 0-1

[Event "Wch Rapid"]
[Site "Dubai"]
[Date "2014.06.16"]
[Round "4"]
[White "Cheparinov, Ivan"]
[Black "Al Modiahki, Mohamad"]
[Result "1-0"]
[WhiteElo "2682"]
[BlackElo "2549"]
[PlyCount "55"]
[EventDate "2014.06.16"]
[EventType "swiss (rapid)"]
[EventRounds "15"]
[EventCountry "UAE"]
[SourceTitle "CBM 160 Extra"]
[Source "ChessBase"]
[SourceDate "2014.07.01"]
[SourceVersion "1"]
[SourceVersionDate "2014.07.01"]
[SourceQuality "1"]

1. d4 Nf6 2. c4 e5 3. dxe5 Ng4 4. e4 Nxe5 5. f4 Ng6 6. Bd3 Bc5 7. Qh5 d6 8. Nc3 Nd7 9. Qe2 0-0 10. Bd2 Nf6 11. Nf3 Bd7 12. 0-0-0 Re8 13. a3 a5 14. g3 c6 15. Qg2 b5 16. Rhe1 b4 17. Na4 bxa3 18. Nxc5 dxc5 19. e5 Qb6 20. Bc3 a2 21. Kc2 Rab8 22. Nd2 Bg4 23. Ra1 Nd7 24. h3 Be6 25. f5 Bxf5 26. Bxf5 Ndxe5 27. Rxa2 Nxc4 28. Rxe8+ 1-0

[Event "Arab-ch"]
[Site "Abu Dhabi"]
[Date "2013.12.14"]
[Round "8"]
[White "Al Qudaimi, Basheer"]
[Black "Al Modiahki, Mohamad"]
[Result "1-0"]
[WhiteElo "2395"]
[BlackElo "2571"]
[PlyCount "74"]
[EventDate "2013.12.08"]
[EventType "swiss"]
[EventRounds "9"]
[EventCountry "UAE"]
[SourceTitle "CBM 157 Extra"]
[Source "ChessBase"]
[SourceDate "2013.12.19"]
[SourceVersion "1"]
[SourceVersionDate "2013.12.19"]
[SourceQuality "1"]

1. e4 c5 2. Nf3 Nc6 3. c3 d5 4. exd5 Qxd5 5. d4 Bg4 6. Be2 cxd4 7. cxd4 e6 8. Nc3 Bb4 9. 0-0 Qa5 10. Be3 Nf6 11. Qb3 0-0 12. a3 Bxc3 13. bxc3 Nd5 14. Rfc1 Qc7 15. c4 Nf4 16. Bd1 Rfd8 17. Qc3 Rac8 18. g3 Ng6 19. h3 Bxh3 20. Ng5 Bf5 21. g4 Bxg4 22. Bxg4 Nxd4 23. Rd1 Nf5 24. Bxf5 exf5 25. Nf3 Re8 26. Rd5 Nf4 27. Bxf4 Qxf4 28. Nd4 g6 29. Rd7 Re4 30. Re1 Rce8 31. Rxe4 fxe4 32. Qg3 Qc1+ 33. Kg2 Qxc4 34. Nf5 e3 35. Nh6+ Kg7 36. Nf5+ Kh8 37. Qe5+ Kg8 1-0